Factores que afectan el aprendizaje del idioma inglés en los alumnos del Instituto Nacional "Jorge Eliseo Azucena Ortega", en modalidad actual (Registro nro. 33130)

Detalles MARC
000 -CABECERA
Longitud fija campo de control 01058nam a22002177a 4500
003 - IDENTIFICADOR DELl NÚMERO DE CONTROL
Identificador del número de control OSt
005 - FECHA Y HORA DE LA ÚLTIMA TRANSACCIÓN
Fecha y hora de la última transacción 20220628200650.0
008 - CÓDIGOS DE INFORMACIÓN DE LONGITUD FIJA
Códigos de información de longitud fija 140214b2022 slv spa
040 ## - FUENTE DE LA CATALOGACIÓN
Centro transcriptor BMC
082 ## - NÚMERO DE LA CLASIFICACIÓN DECIMAL DEWEY
Númeroo de clasificación 428
100 1# - PUNTO DE ACCESO PRINCIPAL-NOMBRE DE PERSONA
9 (RLIN) 46386
Nombre de persona Ochoa Murcia, Nathalie Damaris
245 10 - MENCIÓN DE TÍTULO
Título Factores que afectan el aprendizaje del idioma inglés en los alumnos del Instituto Nacional "Jorge Eliseo Azucena Ortega", en modalidad actual
Resto del título : Investigación, informe final
Mención de responsabilidad, etc. Nathalie Damaris Ochoa Murcia, Gustavo Eduardo Madrid Vásquez
260 ## - PUBLICACIÓN, DISTRIBUCIÓN, ETC. (PIE DE IMPRENTA)
Lugar de publicación, distribución, etc. Santa Ana (El Salvador)
Nombre del editor, distribuidor, etc. Universidad Católica de El Salvador
Fecha de publicación, distribución, etc. 2022
300 ## - DESCRIPCIÓN FÍSICA
Extensión 63 h.
Otras características físicas il. col
Dimensiones 27 cm
Material anejo + 1 disco compacto
500 ## - NOTA GENERAL
Nota general Precede al tít.: Universidad Católica de El Salvador, Facultad de Ciencias y Humanidades
502 ## - NOTA DE TESIS
Nota de tesis Para optar al grado académico de: Licenciatura en Idioma Inglés
650 24 - PUNTO DE ACCESO ADICIONAL DE MATERIA - TÉRMINO DE MATERIA
9 (RLIN) 18240
Término de materia o nombre geográfico como elemento inicial Lengua inglesa
Subdivisión de materia general Métodos
700 1# - PUNTO DE ACCESO ADICIONAL - NOMBRE DE PERSONA
9 (RLIN) 46387
Nombre de persona Madrid Vásquez, Gustavo Eduardo
710 2# - PUNTO DE ACCESO ADICIONAL - NOMBRE DE ENTIDAD
9 (RLIN) 1075
Nombre de entidad o nombre de jurisdicción como elemento inicial Universidad Católica de El Salvador
Unidad subordinada Facultad de Ciencias y Humanidades
942 ## - ENTRADA DE ELEMENTOS AGREGADOS (KOHA)
Fuente de clasificaión o esquema Dewey Decimal Classification
Koha [por defecto] tipo de item 4- Trabajo de Graduación
Existencias
Suprimido Perdido Fuente de clasificación o esquema Estropeado Restricciones de uso No para préstamo Código de colección Localización permanente Localización actual Localización en estanter&íacute;as Fecha adquisición Fuente de adquisición Número de inventario Préstamos totales Signatura completa Código de barras Fecha última consulta Fecha del precio de reemplazo Tipo de item de Koha
NULL NULL Dewey Decimal Classification NULL Prestable NULL NULL Biblioteca Miguel de Cervantes - UNICAES Biblioteca Miguel de Cervantes - UNICAES Sala Principal 21/03/2022 Donación - Nathalie Damaris Ochoa Murcia, Gustavo Eduardo Madrid Vásquez 000774   I-000774 1049611 25/04/2022 25/04/2022 4- Trabajo de Graduación